00653nam a22001932 4500001001100000005001700011008004100028020001700069040001500086100003100101245014600132250001300278260003700291300001200328650004700340700003700387700003200424852000300456000002051920151217152216.0110921s xx 000 0 eng d a0393329858 : aKABUcKABU1 aKuhn, Cynthia.@000018085610aBuzzed :bthe straight facts about the most used and abused drugs from alcohol to ecstasy /cCynthia Kuhn, Scott Swartzwelder, Wilkie Wilson. a3rd ed. aNew York :bW. W. Norton,c2008. a367 p. 0aDrugs of abusexPopular works.@00001808571 aSwartzwelder, Scott.@00001808581 aWilson, Wilkie.@00001808591